Retén de catia
| Main Author: | |
|---|---|
| Format: | Print Book |
| Language: | Spanish |
| Published: |
Caracas
Fuentes
1977
|
| In: |
Colección testimonios (4)
Year: 1977 |
| Edition: | 12. ed. |
| Availability in Tübingen: | Present in Tübingen. UB: KB 8 A 610 |
| Check availability: | HBZ Gateway |
| Subito Delivery Service: | Order now. |
MARC
| LEADER | 00000cam a22000002c 4500 | ||
|---|---|---|---|
| 001 | 1094019259 | ||
| 003 | DE-627 | ||
| 005 | 20220514135642.0 | ||
| 007 | tu | ||
| 008 | 910425s1977 xx ||||| 00| ||spa c | ||
| 035 | |a (DE-627)1094019259 | ||
| 035 | |a (DE-576)024019259 | ||
| 035 | |a (DE-599)BSZ024019259 | ||
| 035 | |a (OCoLC)311526824 | ||
| 040 | |a DE-627 |b ger |c DE-627 |e rakwb | ||
| 041 | |a spa | ||
| 100 | 1 | |a Aldana, Juan S. |4 aut | |
| 245 | 1 | 0 | |a Retén de catia |
| 250 | |a 12. ed. | ||
| 264 | 1 | |a Caracas |b Fuentes |c 1977 | |
| 300 | |a 286 S. | ||
| 336 | |a Text |b txt |2 rdacontent | ||
| 337 | |a ohne Hilfsmittel zu benutzen |b n |2 rdamedia | ||
| 338 | |a Band |b nc |2 rdacarrier | ||
| 490 | 1 | |a Colección testimonios |v 4 | |
| 583 | 1 | |a Archivierung prüfen |c 20200919 |f DE-640 |z 1 |2 pdager | |
| 830 | 0 | |a Colección testimonios |v 4 |9 4 |w (DE-627)1094019194 |w (DE-576)024019194 |7 am | |
| 951 | |a BO | ||
| ELC | |b 1 | ||
| LOK | |0 000 xxxxxcx a22 zn 4500 | ||
| LOK | |0 001 2163623483 | ||
| LOK | |0 003 DE-627 | ||
| LOK | |0 004 1094019259 | ||
| LOK | |0 005 19930330000000 | ||
| LOK | |0 008 930330||||||||||||||||ger||||||| | ||
| LOK | |0 040 |a DE-21 |c DE-627 |d DE-21 | ||
| LOK | |0 852 |a DE-21 | ||
| LOK | |0 852 1 |c KB 8 A 610 |9 00 | ||
| LOK | |0 935 |a krim | ||
| LOK | |0 939 |a 30-03-93 |b l01 | ||
| ORI | |a SA-MARC-krimdoka001.raw | ||
| SIG | |a UB: KB 8 A 610 | ||
